| 000 | 00426nam a2200181Ia 4500 | ||
|---|---|---|---|
| 003 | 0100 | ||
| 005 | 20150814151713.0 | ||
| 008 | 130303s9999 xx 000 0 und d | ||
| 040 | _cARRUPELIB | ||
| 050 | _aB121.B46 1968 | ||
| 100 |
_aBerry, Thomas _918592 |
||
| 245 | _aFive Oriental Philosophies | ||
| 260 | _aAlbany, N.Y. | ||
| 260 | _bAGI Books Inc | ||
| 300 | _a55p. | ||
| 300 | _b 19cm | ||
| 942 |
_2lcc _cMONOGRAPH |
||
| 999 |
_c35651 _d35651 |
||